00779nam a2200205 a 450000100100000000500170001000800410002702000150006804000250008308200170010810000320012524500910015726000360024830000210028449000480030565000330035383000550038695201150044199900170055600002570920200930024005.0110217s1981 sp r 001 0 spa d a9682402328 aDO-SdBNPbspacBNPHU a659.2bR586r1 aRíos Szalay, Jorge95247410aRelaciones publicas :bsu administracion en las organizaciones /cJorge Ríos Szalay. aMéxico, D. :bTrillas,c1981. a134 p. ;c23 cm.1 aBiblioteca de Ciencias de la Administracion 4aRelaciones públicas922495 0aBiblioteca de Ciencias de la Administracion952475 001050718MOaGRbGRcCTd2011-02-21iLF1l0o659.2 R586rp25709-10r2020-06-25w2020-06-25y1ZNo se presta c25201d25201